<?xml version="1.0" encoding="UTF-8"?>
<record
    xmlns:xsi="http://www.w3.org/2001/XMLSchema-instance"
    xsi:schemaLocation="http://www.loc.gov/MARC21/slim http://www.loc.gov/standards/marcxml/schema/MARC21slim.xsd"
    xmlns="http://www.loc.gov/MARC21/slim">

  <leader>00699nam a22001577a 4500</leader>
  <controlfield tag="003">OSt</controlfield>
  <controlfield tag="005">20151002173704.0</controlfield>
  <controlfield tag="008">151002b        xxu||||| |||| 00| 0 eng d</controlfield>
  <datafield tag="040" ind1=" " ind2=" ">
    <subfield code="c">RUA</subfield>
  </datafield>
  <datafield tag="082" ind1=" " ind2=" ">
    <subfield code="a">AVM KIM 1995 B068 Or.1</subfield>
  </datafield>
  <datafield tag="100" ind1=" " ind2=" ">
    <subfield code="9">1822</subfield>
    <subfield code="a">KIM, NEP.</subfield>
  </datafield>
  <datafield tag="245" ind1=" " ind2=" ">
    <subfield code="a">Enquente sur la pathologie des truies dane le cadre des pig banks pratiquees par action nord sud a battambang, &#x1780;&#x17B6;&#x179A;&#x17A2;&#x1784;&#x17D2;&#x1780;&#x17C1;&#x178F;&#x179B;&#x17BE;&#x179A;&#x17C4;&#x1782;&#x179F;&#x17B6;&#x179F;&#x17D2;&#x179A;&#x17D2;&#x178A;&#x1798;&#x17C1;&#x1787;&#x17D2;&#x179A;&#x17BC;&#x1780;&#x1780;&#x17D2;&#x179A;&#x1794;&#x1781;&#x17D0;&#x178E;&#x17D2;&#x178C;&#x1792;&#x1793;&#x17B6;&#x1782;&#x17B6;&#x179A;&#x1787;&#x17D2;&#x179A;&#x17BC;&#x1780;&#x179A;&#x1794;&#x179F;&#x17CB;&#x17A2;&#x1784;&#x17D2;&#x1782;&#x1780;&#x17B6;&#x179A;A . N . S &#x1793;&#x17C5;&#x1781;&#x17C1;&#x178F;&#x17D2;&#x178F;&#x1794;&#x17B6;&#x178F;&#x17CB;&#x178A;&#x17C6;&#x1794;&#x1784;</subfield>
  </datafield>
  <datafield tag="260" ind1=" " ind2=" ">
    <subfield code="a">Phnom Penh</subfield>
    <subfield code="b">RUA</subfield>
    <subfield code="c">1995</subfield>
  </datafield>
  <datafield tag="300" ind1=" " ind2=" ">
    <subfield code="a">64p.</subfield>
    <subfield code="b">ill.</subfield>
    <subfield code="c">29cm.</subfield>
  </datafield>
  <datafield tag="942" ind1=" " ind2=" ">
    <subfield code="2">ddc</subfield>
    <subfield code="c">AVM</subfield>
  </datafield>
  <datafield tag="999" ind1=" " ind2=" ">
    <subfield code="c">1721</subfield>
    <subfield code="d">1721</subfield>
  </datafield>
  <datafield tag="952" ind1=" " ind2=" ">
    <subfield code="0">0</subfield>
    <subfield code="1">0</subfield>
    <subfield code="2">ddc</subfield>
    <subfield code="4">0</subfield>
    <subfield code="6">AVM_KIM_1995_000000000000000_B068_OR_1</subfield>
    <subfield code="7">0</subfield>
    <subfield code="9">7426</subfield>
    <subfield code="a">LBB</subfield>
    <subfield code="b">LBB</subfield>
    <subfield code="c">B068</subfield>
    <subfield code="d">2015-10-02</subfield>
    <subfield code="o">AVM KIM 1995 B068 Or.1</subfield>
    <subfield code="p">RUA007153</subfield>
    <subfield code="r">2015-10-02</subfield>
    <subfield code="w">2015-10-02</subfield>
    <subfield code="y">AVM</subfield>
  </datafield>
  <datafield tag="952" ind1=" " ind2=" ">
    <subfield code="0">0</subfield>
    <subfield code="1">0</subfield>
    <subfield code="2">ddc</subfield>
    <subfield code="4">0</subfield>
    <subfield code="6">AVM_KIM_1995_000000000000000_B068_OR_2</subfield>
    <subfield code="7">0</subfield>
    <subfield code="9">7427</subfield>
    <subfield code="a">LBB</subfield>
    <subfield code="b">LBB</subfield>
    <subfield code="c">B068</subfield>
    <subfield code="d">2015-10-02</subfield>
    <subfield code="o">AVM KIM 1995 B068 Or.2</subfield>
    <subfield code="p">RUA007055</subfield>
    <subfield code="r">2015-10-02</subfield>
    <subfield code="w">2015-10-02</subfield>
    <subfield code="y">AVM</subfield>
  </datafield>
  <datafield tag="952" ind1=" " ind2=" ">
    <subfield code="0">0</subfield>
    <subfield code="1">0</subfield>
    <subfield code="2">ddc</subfield>
    <subfield code="4">0</subfield>
    <subfield code="6">AVM_KIM_1995_000000000000000_B068_OR_3</subfield>
    <subfield code="7">0</subfield>
    <subfield code="9">7428</subfield>
    <subfield code="a">LBB</subfield>
    <subfield code="b">LBB</subfield>
    <subfield code="c">B068</subfield>
    <subfield code="d">2015-10-02</subfield>
    <subfield code="o">AVM KIM 1995 B068 Or.3</subfield>
    <subfield code="p">RUA007056</subfield>
    <subfield code="r">2015-10-02</subfield>
    <subfield code="w">2015-10-02</subfield>
    <subfield code="y">AVM</subfield>
  </datafield>
</record>
